000 00935nam a2200217Ia 4500
001 10189
003 GE_BSU
008 181216s||||||||xx |||||||||||||| ||und||
040 _cGE_BSU
080 _a821.353.1–32
100 _aრუსიძე,კაპიტონ
245 _aსარფს გაღმა
245 _bსამი მოთხრობა თანამედროვე თურქეთის ცხოვრებიდან
245 _cრედ:შ.ი.ქურიძე;მხატვ:მიხ.ჩარგელაშვილი.
260 _aბათუმი
260 _bაჭარის ასსრ სახელგამი.
260 _c1951
300 _a79გვ;17სმ.
653 _aსარფს გაღმა:სამი მოთხრობა თანამედროვე თურქეთის ცხოვრებიდან.
942 _cBK
999 _c43458
_d43458